Central Library OPAC University of Rajshahi

Japan's new order in east Asia : (Record no. 64252)

MARC details
000 -LEADER
fixed length control field 00816nam a2200253 a 4500
001 - CONTROL NUMBER
control field 64252
003 - CONTROL NUMBER IDENTIFIER
rucl marc code BD-RjUL
005 - DATE AND TIME OF LATEST TRANSACTION
control field 20211209081303.0
008 - FIXED-LENGTH DATA ELEMENTS--GENERAL INFORMATION
fixed length control field 170212s1954 enk b 001 0 eng
035 ## - SYSTEM CONTROL NUMBER
System control number (BD-RjUL)64382
040 ## - CATALOGING SOURCE
Original cataloging agency DLC
Transcribing agency DLC
Modifying agency BD-RjUL
Language of cataloging eng
041 ## - LANGUAGE CODE
Language code of text/sound track or separate title eng
082 ## - DEWEY DECIMAL CLASSIFICATION NUMBER
Edition number 23
Classification number 940.53
Author mark and year JOJ 1954
100 1# - MAIN ENTRY--PERSONAL NAME
Personal name Jones, Francis Clifford.
9 (RLIN) 190815
245 10 - TITLE STATEMENT
Title Japan's new order in east Asia :
Remainder of title its rise and fall, 1937-45 /
Statement of responsibility, etc. Francis Clifford Jones
260 ## - PUBLICATION, DISTRIBUTION, ETC. (IMPRINT)
Place of publication, distribution, etc. London :
Name of publisher, distributor, etc. Oxford University Press,
Date of publication, distribution, etc. 1954.
300 ## - PHYSICAL DESCRIPTION
Pagination xii, 498 p. ;
Size 23 cm.
504 ## - BIBLIOGRAPHY, ETC. NOTE
Bibliography, etc Includes index and bibliography
650 #0 - SUBJECT ADDED ENTRY--TOPICAL TERM
Topical term or geographic name as entry element World politics
Chronological subdivision 1933-1945.
9 (RLIN) 190816
651 #0 - SUBJECT ADDED ENTRY--GEOGRAPHIC NAME
Geographic name Japan
General subdivision Foreign relations
Chronological subdivision 1912-1945.
9 (RLIN) 190817
Geographic name Asia
General subdivision Politics and government.
9 (RLIN) 172876
942 ## - ADDED ENTRY ELEMENTS (KOHA)
Source of classification or shelving scheme Dewey Decimal Classification
Koha item type Books
Holdings
Lost status Source of classification or shelving scheme Damaged status Not for loan Collection code Permanent Location Current Location Shelving location Date acquired Source of acquisition Cost, normal purchase price Total Checkouts Full call number Date last seen Copy number Koha item type
  Dewey Decimal Classification   Not For Loan Non-fiction Central Library, University of Rajshahi Central Library, University of Rajshahi Reading Room 08/09/1955 B.H. black Well 18.00   940.53 JOJ 1954 12/02/2017 C-1 Books